000 00494nam a2200205Ia 4500
008 240510s9999 xx 000 0 und d
020 _a0000895884887
041 _aEng
082 _a004.64
082 _bC15
100 _aCAMPBELL,, Joe
245 4 _aThe RS-232 solution:HOW TO USE YOUR SERIAL PORT
250 _a2nd ed.
260 _bSan Francisco:SYBEX
260 _c1989
300 _a196 p.
650 _aRS-232 interface: computer interfaces
942 _2ddc
942 _cLBK
999 _c26257
_d26257
945 _a1
_bMadushi Gamage
_c1
_dMadushi Gamage